000
00264nam a22001217a 4500
008
180922b xxu||||| |||| 00| 0 eng d
041
_a
eng
080
_a
611.085
100
_a
9
101
_a
HIS
245
_a
Atlas of Human Histology
_c
DiFiore
942
_2
udc
_c
BK
999
_c
48228
_d
48228